<?xml version="1.0" encoding="UTF-8"?>
<record
    xmlns:xsi="http://www.w3.org/2001/XMLSchema-instance"
    xsi:schemaLocation="http://www.loc.gov/MARC21/slim http://www.loc.gov/standards/marcxml/schema/MARC21slim.xsd"
    xmlns="http://www.loc.gov/MARC21/slim">

  <leader>02261nam a22002057a 4500</leader>
  <controlfield tag="008">121113t        xxu||||| |||| 00| 0 eng d</controlfield>
  <datafield tag="020" ind1=" " ind2=" ">
    <subfield code="a">9780073257952</subfield>
  </datafield>
  <datafield tag="050" ind1=" " ind2=" ">
    <subfield code="a">HD62.7.K11</subfield>
  </datafield>
  <datafield tag="100" ind1=" " ind2=" ">
    <subfield code="a">Katz, Jerome A.</subfield>
  </datafield>
  <datafield tag="245" ind1=" " ind2=" ">
    <subfield code="a">Entrepreneurial small business. /</subfield>
    <subfield code="c">Jerome A. Katz and Richard P. Green</subfield>
  </datafield>
  <datafield tag="260" ind1=" " ind2=" ">
    <subfield code="a">New York:</subfield>
    <subfield code="b">McGraw Hill,</subfield>
    <subfield code="c">c2007.</subfield>
  </datafield>
  <datafield tag="300" ind1=" " ind2=" ">
    <subfield code="a">xxxix, 595 + various pagings:</subfield>
    <subfield code="b">ill.;</subfield>
    <subfield code="c">28cm.</subfield>
  </datafield>
  <datafield tag="500" ind1=" " ind2=" ">
    <subfield code="a">Includes index.</subfield>
  </datafield>
  <datafield tag="505" ind1=" " ind2=" ">
    <subfield code="a">Contents: Entrepreneurs, ideas, and plans: the basis of small business: Small business: its opportunities and rewards -- Small business ethics: a key to long-term success -- Small business entrepreneurs: characteristics and competencies -- Small business ideas: creativity, opportunity, and feasibility -- Small business entry: paths to part-time entrepreneurship -- Small business entry: paths to full-time entrepreneurship -- Small business strategies: imitation with a twist -- Business plans: seeing audiences and your business clearly -- Marketing in the small business: Small business marketing: product and pricing strategies -- Small business promotion: capturing the eyes of your market -- Small business distribution and location -- Marketing plans: saying how you'll get sales -- Cash, accounting, and finance in the small business: Small business accounting: projecting and evaluating performance -- Cash: lifeblood of the business -- Small business finance: using equity, debt, and gifts -- Small business protection: risk management and insurance -- Assets: inventory and operations management -- Management and organization in the small business: Legal issues: recognizing your small business needs -- Human resource management: small business considerations -- Achieving success in the small business -- Appendix A: Consulting to small business and beyond -- Appendix B: SIFE -- Appendix C: A Marketing plan: ''Asian Eden,'' a boba/snack bar in Folsom, Califonia -- Appendix D: Short business plan: emergency bridal -- Appendix E: Full business plan: blue water boatworks.</subfield>
  </datafield>
  <datafield tag="650" ind1=" " ind2=" ">
    <subfield code="b">Small business </subfield>
    <subfield code="x"> Management </subfield>
    <subfield code="x"> Textbooks. </subfield>
  </datafield>
  <datafield tag="650" ind1=" " ind2=" ">
    <subfield code="a">New business enterprises </subfield>
    <subfield code="x">Management</subfield>
    <subfield code="x"> Textbooks.</subfield>
  </datafield>
  <datafield tag="650" ind1=" " ind2=" ">
    <subfield code="a">Entrepreneurship </subfield>
    <subfield code="x"> Textbooks. </subfield>
  </datafield>
  <datafield tag="700" ind1=" " ind2=" ">
    <subfield code="a">Green, Richard P.</subfield>
  </datafield>
  <datafield tag="942" ind1=" " ind2=" ">
    <subfield code="2">lcc</subfield>
    <subfield code="c">BK</subfield>
  </datafield>
  <datafield tag="999" ind1=" " ind2=" ">
    <subfield code="c">2513</subfield>
    <subfield code="d">10013</subfield>
  </datafield>
  <datafield tag="952" ind1=" " ind2=" ">
    <subfield code="0">0</subfield>
    <subfield code="1">0</subfield>
    <subfield code="2">lcc</subfield>
    <subfield code="4">0</subfield>
    <subfield code="7">0</subfield>
    <subfield code="a">WIUC-1</subfield>
    <subfield code="b">WIUC-1</subfield>
    <subfield code="c">REF</subfield>
    <subfield code="d">2012-11-13</subfield>
    <subfield code="l">0</subfield>
    <subfield code="o">HD62.7.K11</subfield>
    <subfield code="p">1549/12</subfield>
    <subfield code="r">2012-11-13 00:00:00</subfield>
    <subfield code="t">1</subfield>
    <subfield code="w">2012-11-13</subfield>
    <subfield code="y">BK</subfield>
  </datafield>
  <datafield tag="952" ind1=" " ind2=" ">
    <subfield code="0">0</subfield>
    <subfield code="1">0</subfield>
    <subfield code="2">lcc</subfield>
    <subfield code="4">0</subfield>
    <subfield code="7">0</subfield>
    <subfield code="a">WIUC-1</subfield>
    <subfield code="b">WIUC-1</subfield>
    <subfield code="c">REF</subfield>
    <subfield code="d">2012-11-13</subfield>
    <subfield code="l">0</subfield>
    <subfield code="o">HD62.7.K112</subfield>
    <subfield code="p">1550/12</subfield>
    <subfield code="r">2012-11-13 00:00:00</subfield>
    <subfield code="t">2</subfield>
    <subfield code="w">2012-11-13</subfield>
    <subfield code="y">BK</subfield>
  </datafield>
</record>
